Trichechus manatus ( Región Pacífico): (Registro nro. 18564)
[ vista simple ]
| 000 -CABECERA | |
|---|---|
| Campo de control | 00808nem a2200229 u 4500 |
| 005 - FECHA Y HORA DE LA ULTIMA TRANSACCION | |
| Campo de control | 20160516093129.0 |
| 008 - ELEMENTOS DE LONGITUD FIJA—INFORMACION GENERAL | |
| Campo de control | 160516b2004 xxu||||| |a|| 00| 0 spa d |
| 040 ## - FUENTE DE CATALOGACIÓN | |
| Agencia catalogadora original | CO-BoIAVH |
| Agencia transcriptora | CO-BoIAVH |
| 041 ## - IDIOMA | |
| Código de idioma para texto/pista de sonido o título separado | Español |
| 044 ## - PAÍS DE PUBLICACIÓN | |
| País de publicación | Colombia |
| 090 ## - CLASIFICACIÓN LOCAL | |
| Colección | MC- |
| Consecutivo | 0221 |
| 245 1# - MENCION DE TITULO | |
| Título | Trichechus manatus ( Región Pacífico): |
| Parte restante del título | Taller de manaties Cartagena de Indias, Colombia Mayo 26 a 28 de 2004 / |
| Medio físico | [Material Cartografico]/ |
| 255 ## - DATOS MATEMATICOS CARTOGRAFICOS | |
| Mención de escala | 1:1.300.000 |
| 260 ## - PUBLICACION, DISTRIBUCION, ETC. (PIE DE IMPRENTA) | |
| Lugar de publicación, distribución, etc. | Bogotá : |
| Nombre del editor, distribuidor, etc. | Ramón Hernando Orozco , |
| Fecha de publicación, distribución, etc. | 2004. |
| 300 ## - DESCRIPCION FISICA | |
| Extensión | 1 mapa : |
| Otros detalles físicos | color. ; |
| Dimensiones | 27 x 41 cm. |
| 650 16 - ASIENTO SECUNDARIO DE MATERIA - TERMINO TEMATICO | |
| Término temático o nombre geográfico como elemento de entrada | Infraestructura |
| Subdivisión geográfica | Cartagena |
| -- | Colombia |
| 650 16 - ASIENTO SECUNDARIO DE MATERIA - TERMINO TEMATICO | |
| Término temático o nombre geográfico como elemento de entrada | Hidrografía |
| Subdivisión geográfica | Cartagena |
| -- | Colombia |
| 650 16 - ASIENTO SECUNDARIO DE MATERIA - TERMINO TEMATICO | |
| Término temático o nombre geográfico como elemento de entrada | Mapa geográfico |
| 710 2# - ASIENTO SECUNDARIO - NOMBRE CORPORATIVO | |
| Nombre corporativo o de jurisdicción como elemento de entrada | Fundación Amacha. |
| 710 2# - ASIENTO SECUNDARIO - NOMBRE CORPORATIVO | |
| Nombre corporativo o de jurisdicción como elemento de entrada | Conservatorio Internacional. |
| 942 ## - ELEMENTOS ADICIONALES (KOHA) | |
| Sistema de clasificación | Local |
| Tipo de ítem | Mapa |
No hay ítems disponibles.